|
|
|
|
| LEADER |
01554nam a2200421 i 4500 |
| 001 |
EBC1572966 |
| 003 |
MiAaPQ |
| 005 |
20200520144314.0 |
| 006 |
m o d | |
| 007 |
cr cnu|||||||| |
| 008 |
130711t20132013dcu ob i000 0 eng d |
| 020 |
|
|
|z 9780821399637
|
| 020 |
|
|
|a 9781464800412
|q (electronic bk.)
|
| 035 |
|
|
|a (MiAaPQ)EBC1572966
|
| 035 |
|
|
|a (Au-PeEL)EBL1572966
|
| 035 |
|
|
|a (CaPaEBR)ebr10798985
|
| 035 |
|
|
|a (CaONFJC)MIL549313
|
| 035 |
|
|
|a (OCoLC)865331918
|
| 040 |
|
|
|a MiAaPQ
|b eng
|e rda
|e pn
|c MiAaPQ
|d MiAaPQ
|
| 043 |
|
|
|a fh-----
|
| 050 |
|
4 |
|a HC79.F55
|b P57 2013
|
| 082 |
0 |
|
|a 363.25/964
|2 23
|
| 245 |
0 |
0 |
|a Pirate trails :
|b tracking the illicit financial flows from pirate activities off the Horn of Africa.
|
| 264 |
|
1 |
|a Washington, DC :
|b World Bank,
|c [2013]
|
| 264 |
|
4 |
|c 2013
|
| 300 |
|
|
|a 1 online resource (129 pages)
|
| 336 |
|
|
|a text
|2 rdacontent
|
| 337 |
|
|
|a computer
|2 rdamedia
|
| 338 |
|
|
|a online resource
|2 rdacarrier
|
| 504 |
|
|
|a Includes bibliographical references.
|
| 588 |
|
|
|a Description based on online resource; title from PDF title page (ebrary, viewed December 5, 2013).
|
| 590 |
|
|
|a Electronic reproduction. Ann Arbor, MI : ProQuest, 2015. Available via World Wide Web. Access may be limited to ProQuest affiliated libraries.
|
| 650 |
|
0 |
|a Flow of funds
|z Africa.
|
| 650 |
|
0 |
|a Piracy
|z Africa.
|
| 655 |
|
4 |
|a Electronic books.
|
| 710 |
2 |
|
|a World Bank.
|
| 797 |
2 |
|
|a ProQuest (Firm)
|
| 856 |
4 |
0 |
|u https://ebookcentral.proquest.com/lib/matrademy/detail.action?docID=1572966
|z Click to View
|